Modern labor economics : (Record no. 10337)
[ view plain ]
| 000 -LEADER | |
|---|---|
| fixed length control field | 00719cam a22002295a 4500 |
| 005 - DATE AND TIME OF LATEST TRANSACTION | |
| control field | 20201128013454.0 |
| 008 - FIXED-LENGTH DATA ELEMENTS--GENERAL INFORMATION | |
| fixed length control field | 081223t xxua|||fr 001 0 eng d |
| 020 ## - INTERNATIONAL STANDARD BOOK NUMBER | |
| International Standard Book Number | 9780321538963 |
| 020 ## - INTERNATIONAL STANDARD BOOK NUMBER | |
| International Standard Book Number | 032153896X |
| 040 ## - CATALOGING SOURCE | |
| Original cataloging agency | EG-ScBUE |
| Language of cataloging | eng |
| Transcribing agency | EG-ScBUE |
| Modifying agency | EG-ScBUE |
| 082 04 - DEWEY DECIMAL CLASSIFICATION NUMBER | |
| Classification number | 331 |
| Item number | EHR |
| Edition number | 22 |
| 100 ## - MAIN ENTRY--PERSONAL NAME | |
| Personal name | Ehrenberg, Ronald G. |
| 9 (RLIN) | 1320 |
| 245 10 - TITLE STATEMENT | |
| Title | Modern labor economics : |
| Remainder of title | theory and public policy / |
| Statement of responsibility, etc | Ronald G. Ehrenberg, Robert S. Smith. |
| 250 ## - EDITION STATEMENT | |
| Edition statement | 10th ed. |
| 260 ## - PUBLICATION, DISTRIBUTION, ETC. (IMPRINT) | |
| Place of publication, distribution, etc | Boston : |
| Name of publisher, distributor, etc | Pearson, |
| Date of publication, distribution, etc | c.2009. |
| 300 ## - PHYSICAL DESCRIPTION | |
| Extent | xxii, 650 p. : |
| Other physical details | ill. ; |
| Dimensions | 24 cm. |
| 500 ## - GENERAL NOTE | |
| General note | Includes indexes. |
| 650 #7 - SUBJECT ADDED ENTRY--TOPICAL TERM | |
| Topical term or geographic name as entry element | labour economics. |
| 9 (RLIN) | 1567 |
| Source of heading or term | BUEsh |
| 651 ## - SUBJECT ADDED ENTRY--GEOGRAPHIC NAME | |
| Source of heading or term | BUEsh |
| 653 ## - INDEX TERM--UNCONTROLLED | |
| Resource For college | BAEPS, Economics |
| Arrived date list | June2019 |
| 700 1# - ADDED ENTRY--PERSONAL NAME | |
| Personal name | Smith, Robert S. |
| 9 (RLIN) | 1566 |
| Withdrawn status | Item status | Source of classification or shelving scheme | Damaged status | Not for loan | Home library | Current library | Shelving location | Date acquired | Source of acquisition | Total Checkouts | Total Renewals | Full call number | Barcode | Date last seen | Date last borrowed | Koha item type |
|---|---|---|---|---|---|---|---|---|---|---|---|---|---|---|---|---|
| Dewey Decimal Classification | Central Library | Central Library | First floor | 11/01/2009 | Purchase | 7 | 17 | 331 EHR | 000015106 | 15/07/2025 | 31/05/2018 | Book - Borrowing | ||||
| Dewey Decimal Classification | Central Library | Central Library | First floor | 24/06/2019 | Donation | 331 EHR | 000044679 | 15/07/2025 | Book - Borrowing |